00555nam a2200169 a 4500001001000000003000900010005001700019007001000036008004100046020001800087040002200105100002600127245009600153260003900249300002700288500007000315000044321DO-SdBNP20171019110830.0000044321140613s2014 dr a 000 0 spa d a9789945583618 aBNPHUbspacBNPHU1 aDomínguez, Franklin10aDuarte entre los niños :bpieza teatral infantil en un solo acto /cFranklin Domínguez. aSanto Domingo :bSantuario,c2014. a38 p. :bil. ;c24 cm. aIncluye datos biográficos del autor en la solapa de la cubierta